000 00842nam a2200253 a 4500
001 BRL_774
005 20190320210906.0
008 041013s2000----mx-a######---#000-0#spa-#
020 _a06091316250001
041 _aspa
044 _amx
050 4 _aF1219.1.M64
_b.H45 2000
100 1 _aHelbling, Guillermo
_924901
245 1 0 _aMorelos hecho a mano
_cinvestigación y textos: Guillermo Helbling ; ilustraciones Antonia Castilla.
260 _aCuernavaca, Morelos
_bInstituto de Cultura de Morelos
_c2000
300 _a135 p.
_bil.
_c13 cm.
500 _aAu885
500 _aIncluye dedicatoria a Ruth Lechuga
650 1 4 _aIndígenas de México
_xArtesanias
_zMorelos
_924902
650 1 4 _aIndígenas de México
_xVida social y costumbres
_zMorelos
_924903
700 1 _aCastilla, Antonia
_eil.
_924904
902 _aGRL
942 _2lcc
_cB
999 _c9586
_d9586